| 000 | 00935nam a22002417a 4500 | ||
|---|---|---|---|
| 008 | 081201t xxu||||| |||| 00| 0 eng d | ||
| 010 | _aENG-91926 | ||
| 020 |
_a9788172734572 _c375.00 |
||
| 035 | _aEN-75459 | ||
| 037 | _bDBAD / PUB | ||
| 040 |
_adpl _bEnglish |
||
| 082 | _a307.14072 | ||
| 100 | _aJoshi, Uma | ||
| 245 |
_aResearch methodology for community development / _cby Uma Joshi |
||
| 260 |
_aDelhi _bAuthorspress _c2008 |
||
| 270 |
_aE-35/103, Jawahar Park, Laxmi Nagar, _bDelhi _e110092 |
||
| 300 |
_avi, 140p. _c23cm (Hb) |
||
| 500 | _aIncluses bibliographical references and index | ||
| 650 | _aCommunity development. | ||
| 650 |
_aSocial science _xResearch _xMethodology |
||
| 942 |
_2ddc _cEN _mJOS _h307.14072 |
||
| 999 |
_c19309 _d19309 |
||